|
|
|
|
| LEADER |
00000nab a2200000 a 4500 |
| 001 |
vtls000889171 |
| 003 |
SK-MaSNL |
| 005 |
20260302170404.0 |
| 008 |
041112c2004 xo wr|p|||||||000 b|slo |
| 015 |
|
|
|a SNBRx2004/11
|2 snkbucl
|
| 038 |
|
|
|a SNKBUCL
|
| 040 |
|
|
|a SNKBUCL
|b slo
|c SNKBUCL
|e AACR2
|
| 041 |
0 |
|
|a slo
|
| 044 |
|
|
|a xo
|c SK
|
| 080 |
|
|
|a 339.372:658.787/.788
|2 UDC-MRF-SK2
|
| 080 |
|
|
|a 658.787/.788
|2 UDC-MRF-SK2
|
| 100 |
1 |
|
|a Knihárová, Martina
|4 aut
|9 857675
|
| 245 |
1 |
0 |
|a Zásobovanie určuje zákazník
|c Martina Knihárová
|
| 650 |
0 |
7 |
|a malé nezávislé predajne
|2 snkbucl
|9 872684
|
| 650 |
0 |
7 |
|a zásobovanie (ekonómia)
|2 snkbucl
|9 27908
|
| 773 |
0 |
|
|t Obchod
|g Roč. IX., október (2004), s. 26
|x 1335-2008
|
| 852 |
|
|
|a SNK
|b KIS3GCP
|
| 999 |
|
|
|c 1392721
|d 1394651
|